ბათუმის შოთა რუსთაველის სახელმწიფო უნივერსიტეტის ბიბლიოთეკა

გადარჩენილი ხელადა (ბიბ.ჩანაწერი № 43540)

000 -LEADER
fixed length control field 00685nam a2200217Ia 4500
001 - CONTROL NUMBER
control field 10271
003 - CONTROL NUMBER IDENTIFIER
control field GE_BSU
008 - FIXED-LENGTH DATA ELEMENTS--GENERAL INFORMATION
fixed length control field 181216s||||||||xx |||||||||||||| ||und||
040 ## - CATALOGING SOURCE
Transcribing agency GE_BSU
080 ## - UNIVERSAL DECIMAL CLASSIFICATION NUMBER
Universal Decimal Classification number 821.353.1-32
100 ## - MAIN ENTRY--PERSONAL NAME
Personal name ტაბატაძე, კარლო
245 ## - TITLE STATEMENT
Title გადარჩენილი ხელადა
245 ## - TITLE STATEMENT
Remainder of title მოთხრობები
245 ## - TITLE STATEMENT
Statement of responsibility, etc. რედ:ს.სიგუა;მხატვ:.ვ.ორბელაძე
260 ## - PUBLICATION, DISTRIBUTION, ETC.
Place of publication, distribution, etc. თბილისი.
260 ## - PUBLICATION, DISTRIBUTION, ETC.
Name of publisher, distributor, etc. საბჭ.საქართველო
260 ## - PUBLICATION, DISTRIBUTION, ETC.
Date of publication, distribution, etc. 1974
300 ## - PHYSICAL DESCRIPTION
Extent 169გვ;15სმ.
653 ## - INDEX TERM--UNCONTROLLED
Uncontrolled term მოთხრობები
942 ## - ADDED ENTRY ELEMENTS (KOHA)
Koha item type წიგნი
ეგზემპლარები
Withdrawn status Lost status Damaged status Not for loan Date acquired Barcode Date last seen Price effective from Koha item type
        2018-12-17 33871 2018-12-17 2018-12-17 წიგნი